000 00887nas a2200277 4500
001 BR2012003555
003 BR-BrBNA
005 20231205120554.0
007 ta
008 230509b bl.|||p| |||| 00| 00por d
040 _aBR-BrBNA
_bpor
_cBiblioteca Nacional de Agricultura
041 _a(Pt)
072 _aQ02
100 1 _aSouza, R.A.M. de
100 1 _aOldoni, T.L.C.
100 1 _aCabral, I.S.R.
100 1 _aAlencar, S.M. de
245 1 _aCompostos fenólicos totais e atividade antioxidante de chás comercializados no Brasil
650 _aCHÁ
650 _aCOMPOSTO FENÓLICO
650 _aCOMPOSIÇÃO QUÍMICA
650 _aANTIOXIDANTE
773 0 _tBoletim do Centro de Pesquisa e Processamento de Alimentos (Brazil)
_xISSN 0102-0323
_g(Jul-Dec 2011), v. 29(2) p. 229-236
_wBR2012003555
909 _a202311
_bLúcia
_c55
_dLúcia Elande
942 _2AGRIS
_n0
_cANA
999 _c219197
_d219197